中国总领事馆所在城市 - Statistics

General Stats
  • This quiz has been taken 45 times
    44 since last reset
  • The average score is 40 of 98
Answer Stats
国家 城市 % Correct
阿联酋 迪拜
91%
日本 大阪
77%
哈萨克斯坦 阿拉木图
71%
韩国 釜山
71%
印度 孟买
71%
巴基斯坦 卡拉奇
71%
泰国 清迈
69%
马来西亚 槟城
66%
日本 札幌
66%
土耳其 伊斯坦布尔
66%
越南 胡志明市
66%
德国 慕尼黑
66%
美国 洛杉矶
66%
法国 里昂
63%
加拿大 多伦多
63%
加拿大 温哥华
63%
美国 旧金山
63%
美国 纽约
63%
澳大利亚 悉尼
63%
日本 名古屋
60%
印度 加尔各答
60%
南非 开普敦
60%
南非 约翰内斯堡
60%
俄罗斯 圣彼得堡
60%
法国 马赛
60%
西班牙 巴塞罗那
60%
英国 曼彻斯特
60%
埃及 亚历山大
57%
意大利 米兰
57%
英国 爱丁堡
57%
澳大利亚 珀斯
57%
老挝 琅勃拉邦
54%
瑞士 苏黎世
54%
巴西 里约热内卢
54%
巴西 圣保罗
54%
澳大利亚 墨尔本
54%
菲律宾 宿务
51%
印度尼西亚 泗水
51%
尼日利亚 拉各斯
51%
德国 法兰克福
51%
美国 芝加哥
51%
新西兰 奥克兰
51%
韩国 光州
49%
伊拉克 巴士拉
49%
俄罗斯 符拉迪沃斯托克
49%
俄罗斯 喀山
49%
缅甸 曼德勒
46%
日本 福冈
46%
沙特阿拉伯 吉达
46%
越南 岘港
46%
澳大利亚 布里斯班
46%
俄罗斯 叶卡捷琳堡
43%
菲律宾 达沃
40%
日本 长崎
40%
也门 亚丁
40%
澳大利亚 阿德莱德
40%
土耳其 伊兹密尔
37%
韩国 济州
34%
南非 德班
34%
朝鲜 清津
31%
印度尼西亚 棉兰
31%
瑞典 哥德堡
31%
意大利 佛罗伦萨
31%
英国 贝尔法斯特
31%
加拿大 卡尔加里
31%
德国 杜塞尔多夫
29%
美国 休斯敦
29%
喀麦隆 杜阿拉
26%
马来西亚 古晋
23%
俄罗斯 哈巴罗夫斯克
23%
乌克兰 敖德萨
23%
马来西亚 哥打基纳巴卢
20%
日本 新潟
20%
伊拉克 埃尔比勒
20%
波兰 革但斯克
20%
厄瓜多尔 瓜亚基尔
20%
新西兰 克赖斯特彻奇
20%
坦桑尼亚 桑给巴尔
17%
墨西哥 蒂华纳
17%
吉尔吉斯斯坦 奥什
14%
印度尼西亚 登巴萨
14%
巴西 累西腓
14%
泰国 宋卡
11%
哈萨克斯坦 阿克托别
9%
蒙古 扎门乌德
9%
泰国 孔敬
9%
赤道几内亚 巴塔
9%
法国(海外) 圣但尼
9%
法国 斯特拉斯堡
9%
罗马尼亚 康斯坦察
9%
玻利维亚 圣克鲁斯
9%
菲律宾 拉瓦格
6%
伊朗 阿巴斯
6%
马达加斯加 塔马塔夫
3%
法国(海外) 帕皮提
3%
荷属加勒比地区 威廉斯塔德
3%
智利 伊基克
3%
哥伦比亚 巴兰基亚
3%
No matching quizzes found
Score Distribution
Percent of People with Each Score
Percentile by Number Answered
Your Score History
You have not taken this quiz since the last reset